| 000 | 01476nam a22003854a 4500 | ||
|---|---|---|---|
| 001 | ebr10255127 | ||
| 003 | CaPaEBR | ||
| 006 | m u | ||
| 007 | cr cn||||||||| | ||
| 008 | 080807s2008 enka s 000 0 eng | ||
| 010 | _z 2008276137 | ||
| 020 | _z9781842779491 (hb) | ||
| 020 | _z9781842779507 (pb) | ||
| 040 |
_aCaPaEBR _cCaPaEBR |
||
| 035 | _a(OCoLC)605388480 | ||
| 043 | _af-sj--- | ||
| 050 | 1 | 4 |
_aDT157.673 _b.F58 2008eb |
| 082 | 0 | 4 |
_a962.704/3 _222 |
| 100 | 1 | _aFlint, Julie. | |
| 245 | 1 | 0 |
_aDarfur _h[electronic resource] : _ba new history of a long war / _cJulie Flint & Alex de Waal. |
| 250 | _aRev. & updated ed. | ||
| 260 |
_aLondon ; _aNew York : _bZed Books ; _aNew York : _bDistributed in the USA exclusively by Palgrave Macmillan, _c2008. |
||
| 300 |
_a320 p. : _bill. |
||
| 490 | 1 | _aAfrican arguments | |
| 533 |
_aElectronic reproduction. _bPalo Alto, Calif. : _cebrary, _d2013. _nAvailable via World Wide Web. _nAccess may be limited to ebrary affiliated libraries. |
||
| 651 | 0 |
_aSudan _xHistory _yCivil War, 1983-2005. |
|
| 651 | 0 |
_aSudan _xHistory _yDarfur Conflict, 2003- |
|
| 651 | 0 |
_aDarfur (Sudan) _xHistory. |
|
| 655 | 7 |
_aElectronic books. _2local |
|
| 700 | 1 | _aDe Waal, Alexander. | |
| 710 | 2 | _aInternational African Institute. | |
| 710 | 2 | _aebrary, Inc. | |
| 830 | 0 | _aAfrican arguments. | |
| 856 | 4 | 0 |
_uhttp://site.ebrary.com/lib/rucke/Doc?id=10255127 _zAn electronic book accessible through the World Wide Web; click to view |
| 999 |
_c14801 _d14801 |
||